000 00645nam a2200229Ia 4500
001 2045
005 20240113233525.0
007 ta
008 050219s2003 a g b000 u eng u
040 _aRef. stack
041 _aeng
082 _a339.5
_bWo 83 Wo
110 _aWorld Bank .
245 0 _aWorld development report 2003: sustainable development in a dynamic world /
_cWorld Bank.
_hReports
250 _a1st ed /
260 _aNew York :
_bOxford university ,
_cc2003.
300 _a250p. :
_bill ;
_c28cm .
653 _aReport - world growth and quality of life
942 _2ddc
_cBK
999 _c2038
_d2038